| 000 | 01342cam a2200337 i 4500 | ||
|---|---|---|---|
| 001 | 24738 | ||
| 003 | Mx-PuUPA | ||
| 005 | 20250923104155.0 | ||
| 008 | 140415s2004 mx a gr 000 0 spa d | ||
| 020 | _a9786079346140 | ||
| 040 |
_cMx-PuUPA _aMx-PuUPA _bspa _dMx-PuUPA _erda |
||
| 041 | 0 | _aspa | |
| 100 | 1 |
_aBarocio, Rosa, _97488 _eautor |
|
| 245 | 1 | 0 |
_aDisciplina con amor : _bcómo poner límites sin ahogarse en la culpa / _cRosa Barocio |
| 250 | _aPriemra edición | ||
| 260 |
_a _b _c |
||
| 264 | 1 |
_aMéxico, D.F. : _bEditorial Pax México, Librería Carlos Cesarman, _c2004 |
|
| 300 |
_axviii, 226 páginas : _bilustraciones ; _c21 cm |
||
| 336 |
_2rdacontent _atexto _btxt |
||
| 337 |
_2rdamedia _asin medio _bn |
||
| 338 |
_2rdacarrier _avolumen _bnc |
||
| 500 | _a"Guía para padres y maestros". - Cubierta. | ||
| 650 | 7 |
_2armarc _aCrianza de niños _x |
|
| 650 | 7 |
_2armarc _aEducación de niños |
|
| 650 | 7 |
_2armarc _aEducación para la vida familiar |
|
| 650 | 7 |
_2armarc _aDisciplina infantil |
|
| 775 | 0 |
_aBarocio, Rosa, _tDisciplina con amor : cómo poner límites sin ahogarse en la culpa. _dMéxico, D.F. : Editorial Pax México, Librería Carlos Cesarman, 2004 _w(Mx-PuUPA) 56360 _z9688607320 _z9789688607329 |
|
| 942 |
_2ddc _cLI _h649.1 _iB22 _n |
||
| 999 |
_c24738 _d24738 |
||